| 000 | 01213 a2200205 4500 | ||
|---|---|---|---|
| 020 | _a0074711407 | ||
| 020 | _a9780074711408 | ||
| 090 |
_c2350 _d2350 |
||
| 100 | 1 | _aAseervatham, Al. | |
| 245 | 1 | 0 |
_aAccounting information and reporting systems / _cAl Aseervatham. |
| 250 | _aAustralian ed ed. | ||
| 260 |
_a[S.l.] : _bMcGraw Hill Higher Education, _c2002. |
||
| 300 |
_a440 p. ; _c24 cm. |
||
| 500 | _aPaperback. | ||
| 520 | _aThis is the only Australian book on accounting information systems. This innovative new text follows a logical progression from basic principles and builds on the knowledge acquired in each chapter. A running case study throughout the book offers a practical application of the theory that is developed in each chapter. With learning objectives, key terms, practical and numerical examples, summaries, self-test problems and review exercises this text provides all the teaching and learning tools students require. | ||
| 700 | 1 | _aAnandarajah, Duraiappah. | |
| 856 | 4 | 0 |
_3Amazon.com _uhttp://www.amazon.com/exec/obidos/ASIN/0074711407/chopaconline-20 |
| 856 | 4 | 0 |
_3Amazon customer reviews _uhttp://www.chopac.org/cgi-bin/tools/azrev.pl?q=0074711407 |
| 942 |
_aNBS _cBK _k657.046 ASE |
||
| 999 |
_c344849 _d344849 |
||